Helen Keller / (Record no. 6665)

MARC details
000 -LEADER
fixed length control field 00842nam a22002897a 4500
001 - CONTROL NUMBER
control field 6665
003 - CONTROL NUMBER IDENTIFIER
control field FISKH
005 - DATE AND TIME OF LATEST TRANSACTION
control field 20250815162801.0
008 - FIXED-LENGTH DATA ELEMENTS--GENERAL INFORMATION
fixed length control field 250519b cb ||||| |||| 00| 0 eng d
020 ## - INTERNATIONAL STANDARD BOOK NUMBER
International Standard Book Number 9780516235882
040 ## - CATALOGING SOURCE
Original cataloging agency FISKH
Language of cataloging eng
Transcribing agency FISKH
Modifying agency FISKH
050 ## - LIBRARY OF CONGRESS CALL NUMBER
Classification number HV1624.K4 W35
082 ## - DEWEY DECIMAL CLASSIFICATION NUMBER
Classification number 362.4
100 ## - MAIN ENTRY--PERSONAL NAME
Personal name Walker, Pamela
245 ## - TITLE STATEMENT
Title Helen Keller /
Statement of responsibility, etc. By Pamela Walker
250 ## - EDITION STATEMENT
Edition statement This edition first published in 2001
260 ## - PUBLICATION, DISTRIBUTION, ETC.
Place of publication, distribution, etc. Canada :
Name of publisher, distributor, etc. Children's Press,
Date of publication, distribution, etc. 2001
300 ## - PHYSICAL DESCRIPTION
Extent 24 pages :
Other physical details color illustrations ;
Dimensions 16 x 18 cm
505 ## - FORMATTED CONTENTS NOTE
Formatted contents note L<br/>
520 ## - SUMMARY, ETC.
Summary, etc. Explores the life and education of the deaf blind social activist.<br/>
521 8# - TARGET AUDIENCE NOTE
Target audience note 520<br/>
Source Lexile<br/>
521 8# - TARGET AUDIENCE NOTE
Target audience note L<br/>
Source Raz-Plus<br/>
650 ## - SUBJECT ADDED ENTRY--TOPICAL TERM
Source of heading or term Biographies
Topical term or geographic name entry element Helen Keller
650 ## - SUBJECT ADDED ENTRY--TOPICAL TERM
Source of heading or term Social studies
Topical term or geographic name entry element Easy reader
942 ## - ADDED ENTRY ELEMENTS (KOHA)
Source of classification or shelving scheme Dewey Decimal Classification
Koha item type Books
Suppress in OPAC No
Holdings
Withdrawn status Lost status Source of classification or shelving scheme Damaged status Not for loan Collection Home library Current library Shelving location Date acquired Total Checkouts Full call number Barcode Date last seen Date last checked out Copy number Price effective from Koha item type
    Dewey Decimal Classification     Juvenile Fiction Footprints International School Library Network Toul Tom Poung Campus Footprints International School Library Network Toul Tom Poung Campus TTP Primary Yellow Bookshelves 05/19/2025 1 WAL​​​​​​​​​ 362.4 HV1624.K4 W35 2025-1331 10/22/2025 10/08/2025 1 05/19/2025 Books
    Dewey Decimal Classification     Juvenile Fiction Footprints International School Library Network Toul Tom Poung Campus Footprints International School Library Network Toul Tom Poung Campus TTP Primary Yellow Bookshelves 08/15/2025   WAL​​​​​​​​​ 362.4 HV1624.K4 W35 FISBK02159 08/15/2025   2 08/15/2025 Books
    Dewey Decimal Classification     Juvenile Fiction Footprints International School Library Network Toul Tom Poung Campus Footprints International School Library Network Toul Tom Poung Campus TTP Primary Yellow Bookshelves 10/24/2025   WAL​​​​​​​​​ 362.4 HV1624.K4 W35 FISTK01735 10/24/2025   3 10/24/2025 Books